000 00773nam a2200229 i 4500
001 124589
003 ES-MaACL
007 t|
008 070330s1949 sp ||||1| spa d
080 _a33.03(04)
100 1 _aBorght, Richard van der.
_930477
245 1 0 _aPolítica económica /
_cR. van der Borght ; traducido y anotado por Manuel Sánchez Sarto ; tercera edición revisada y ampliada por José Juan Forns.
250 _a3ª ed.
260 _aBarcelona :
_bLabor,
_c[1949]
300 _a268 p., map. :
_bil. ;
_c17 cm.
490 1 _aColección Labor ;
_v445, 446
700 1 _aSánchez Sarto, Manuel.
_9102931
700 1 _aJuan Forns, José.
_967118
830 0 0 _aColección Labor
_v445, 446
_9184254
852 _aES-MaACL
_jE-2892
999 _c124589
_d124589